Internal investigations (Record no. 4162)
[ view plain ]
| 000 -LEADER | |
|---|---|
| fixed length control field | 01193nam a2200313Ia 4500 |
| 100 1# - MAIN ENTRY--AUTHOR NAME | |
| Personal name | Pickett, K. H. Spencer. |
| 245 10 - TITLE STATEMENT | |
| Title | Internal investigations |
| 260 ## - PUBLICATION, DISTRIBUTION, ETC. (IMPRINT) | |
| Place of publication | Chichester, West Sussex, England ; |
| -- | Hoboken, N.J. : |
| Name of publisher | Wiley, |
| Year of publication | 2008. |
| 300 ## - PHYSICAL DESCRIPTION | |
| Number of Pages | ix, 203 p. : |
| Other physical details | ill. |
| 500 ## - GENERAL NOTE | |
| General note | Includes index. |
| 650 #0 - SUBJECT ADDED ENTRY--TOPICAL TERM | |
| Topical Term | Criminal investigation. |
| Topical Term | Risk management. |
| Topical Term | Management. |
| 856 40 - ELECTRONIC LOCATION AND ACCESS | |
| Uniform Resource Identifier | http://site.ebrary.com/lib/rucke/Doc?id=10278032 |
No items available.
